000 00899nas a2200301 4500
001 BR2014004917
003 BR-BrBNA
005 20231205124344.0
007 ta
008 230509b bl.|||p| |||| 00| 00por d
040 _aBR-BrBNA
_bpor
_cBiblioteca Nacional de Agricultura
041 _a(Pt)
072 _aJ11
100 1 _aOliveira, J. de
100 1 _aSilva, I.G.
100 1 _aSilva, P.P.M. da
100 1 _aSpoto, M.H.F.
245 1 _aAtmosfera modificada e resfrigeração para conservação pós-colheita de camu-camu
650 _aCAMU-CAMU
650 _aFRUTA TROPICAL
650 _aPÓS-COLHEITA
650 _aPRESERVAÇÃO DE ALIMENTO
650 _aREFRIGERAÇÃO
650 _aARMAZENAMENTO
773 0 _tCiência Rural (Brazil)
_xISSN 0103-8478
_g(Jun 2014), v. 44(6) p. 1126-1133
_wBR2014004917
909 _a202311
_bLúcia
_c55
_dLúcia Elande
942 _2AGRIS
_n0
_cANA
999 _c238641
_d238641